000 00964pam a2200277 a 4500
001 4381
005 20260320080832.0
020 _a9780590421447
040 _aDLC
_cDLC
_dDLC
_beng
050 1 0 _aPZ7.V816
082 0 0 _a813.54
100 1 _aViorst, Judith
245 1 0 _aAlexander and the terrible, horrible, no good, very bad day /
_cJudith Viorst ; illustrated by Ray Cruz.
250 _aFirst Scholastic printing , January 1989
260 _aNew York :
_bScholastic ;
_c1972
300 _a32 unnumbered pages :
_billustrations ;
_c18 cm.
490 _a Alexander by Judith Viorst (1)
505 _aU
520 _aOn a day when everything goes wrong for him, Alexander is consoled by the thought that other people have bad days too.
521 _a840
_bLexile AD
521 _aU
_bRaz-Plus
650 1 _abad day
_vfiction
700 1 _aCruz, Ray
_eillustrator
906 _a7
_bcbc
_corignew
_d1
_eocip
_f19
_gy-gencatlg
942 _2ddc
_cBK
_n0
999 _c4381
_d4381